000 00542nam a2200193Ia 4500
003 OSt
005 20230509101504.0
008 210423s2008 xx 000 0 und d
040 _cAL
041 _aeng
082 _a543.0812
_223
_bTHEF
100 _aTHEROUX (F R);others.
_9100338
245 _aLaboratory manual for chemical and bacterial analysis of water and sewage.
260 _aJodhpur
_bAIACHE
_c2008
300 _ax,274
365 _b695
_cINR
906 _aanalysis ; bacterial ; chemical ; sewage. ; water
942 _2ddc
_cBK
999 _c163947
_d163947